| 000 | 01123nam a2200217 i 4500 | ||
|---|---|---|---|
| 003 | DO-SdUEMH | ||
| 005 | 20260119211748.0 | ||
| 007 | ta | ||
| 008 | 260119s2000 dr |||gr|||| 00| 0 spa d | ||
| 040 |
_aDO-SdUEMH _bspa _erda |
||
| 041 | _aspa | ||
| 082 | 1 | 4 | _mRD |
| 245 |
_aCámara de Cuentas de la República Dominicana y Tribunal Superior Administración : _b(compendio legislativo) |
||
| 264 | 1 |
_aSanto Domingo, República Dominicana : _c2000 |
|
| 300 |
_a102 páginas : _c20 cm. |
||
| 336 |
_2rdacontent _atexto _btxt |
||
| 337 |
_2rdamedia _asin mediación _bn |
||
| 338 |
_2rdacarrier _avolumen _bnc |
||
| 505 | 2 | _aTema 1: La Cámara de Cuentas en la Historia Republicana — Tema 2: Disposiciones legales referentes a la Cámara de Cuentas de la República Dominicana — Tema 3: Constitución de la República Dominicana — Tema 4: Ley No. 130 sobre la Cámara de Cuentas, de fecha 2 de diciembre de 1942 — Tema 5: Ley No. 3894 de Contabilidad Pública, de fecha 9 de agosto de 1954 — Tema 6: Ley No. 531 Orgánica de Presupuesto para el Sector Público, de fecha 11 de diciembre de 1969. | |
| 942 |
_2ddc _cBK _n0 |
||
| 999 |
_c18348 _d18348 |
||